Thermodynamics and heat power

Shranjeno v:
Bibliografske podrobnosti
Glavni avtor: Rolle, Kurt C.
Format: Knjiga
Jezik:Undetermined
Izdano: New Jersey Pearson Prentice Hall 2005
Teme:
Oznake: Označite
Brez oznak, prvi označite!
Thư viện lưu trữ: Trung tâm Học liệu Trường Đại học Cần Thơ
LEADER 00519nam a2200193Ia 4500
001 CTU_94724
008 210402s9999 xx 000 0 und d
020 |c 75.60 
082 |a 621.4021 
082 |b R749 
100 |a Rolle, Kurt C. 
245 0 |a Thermodynamics and heat power 
245 0 |c Kurt C. Rolle 
260 |a New Jersey 
260 |b Pearson Prentice Hall 
260 |c 2005 
650 |a Thermodynamics,Heat engineering 
904 |i Tuyến 
980 |a Trung tâm Học liệu Trường Đại học Cần Thơ